Food program for 1944 ... (Record no. 10277)

MARC details
000 -LEADER
fixed length control field 00838cam a22002651 4500
001 - CONTROL NUMBER
control field agr44000039
003 - CONTROL NUMBER IDENTIFIER
control field DLC
005 - DATE AND TIME OF LATEST TRANSACTION
control field 20260227111002.0
008 - FIXED-LENGTH DATA ELEMENTS--GENERAL INFORMATION
fixed length control field 840625s1944 dcua f000 0 eng c
010 ## - LIBRARY OF CONGRESS CONTROL NUMBER
LC control number agr44000039
035 ## - SYSTEM CONTROL NUMBER
System control number (OCoLC)10881778
040 ## - CATALOGING SOURCE
Original cataloging agency U.S. Dept. of Agr. Library
Transcribing agency MdU-H
Modifying agency MdU-H
-- DLC
042 ## - AUTHENTICATION CODE
Authentication code premarc
043 ## - GEOGRAPHIC AREA CODE
Geographic area code n-us---
050 00 - LIBRARY OF CONGRESS CALL NUMBER
Classification number HD9006
Item number .A5 1944f
082 ## - DEWEY DECIMAL CLASSIFICATION NUMBER
Classification number 338.1
110 1# - MAIN ENTRY--CORPORATE NAME
Corporate name or jurisdiction name as entry element United States.
Subordinate unit War Food Administration.
245 10 - TITLE STATEMENT
Title Food program for 1944 ...
260 ## - PUBLICATION, DISTRIBUTION, ETC.
Place of publication, distribution, etc. Washington,
Name of publisher, distributor, etc. U.S. Govt. Print. Off.,
Date of publication, distribution, etc. [1944]
300 ## - PHYSICAL DESCRIPTION
Extent 96 p.
Other physical details illus.
Dimensions 23 cm.
650 #0 - SUBJECT ADDED ENTRY--TOPICAL TERM
Topical term or geographic name entry element Food supply
Geographic subdivision United States.
650 #0 - SUBJECT ADDED ENTRY--TOPICAL TERM
Topical term or geographic name entry element Agriculture and state
Geographic subdivision United States.
650 #0 - SUBJECT ADDED ENTRY--TOPICAL TERM
Topical term or geographic name entry element World War, 1939-1945
General subdivision Economic aspects
Geographic subdivision United States.
650 #0 - SUBJECT ADDED ENTRY--TOPICAL TERM
Topical term or geographic name entry element World War, 1939-1945
General subdivision Food supply
Geographic subdivision United States.

No items available.

Powered by Koha